Statystyki dla Piłkarze Korony Kielce z rundy wiosennej sezonu 2023/2024

Kliknij tutaj aby rozwiązać quiz!

Ogólne statystyki

  • Ten quiz został rozwiązany 22 razy
  • Średni wynik to 14 z 32

Statystyki odpowiedzi

PozycjaNumerKrajPiłkarz% Poprawnych
Bramkarz55PolskaXavier Dziekoński
100%
Bramkarz1PolskaKonrad Forenc
94%
Prawy Obrońca2Kanada (Polska)Dominick Zator
78%
Środkowy Obrońca66PolskaMiłosz Trojak
78%
Defensywny Pomocnik90UkrainaKyrylo Petrov
67%
Lewy Obrońca28Kanada (Portugalia)Marcus Godinho
67%
Ofensywny Pomocnik88BelgiaMartin Remacle
67%
Ofensywny Pomocnik11HiszpaniaNono
67%
Środkowy Obrońca4PolskaPiotr Malarczyk
67%
Środkowy Obrońca94PolskaBartosz Kwiecień
61%
Ofensywny Pomocnik21Stany Zjednoczone (Meksyk)Danny Trejo
61%
Środkowy Napastnik20HiszpaniaAdrían Dalmau
56%
Lewy Napastnik17PolskaDawid Błanik
56%
Bramkarz87PolskaRafał Mamla
56%
Prawy Napastnik7PolskaJakub Łukowski
50%
Defensywny Pomocnik18Izrael (Niemcy)Yoav Hofmayster
50%
Prawy Napastnik6PolskaJacek Podgórski
44%
Lewy Obrońca23PolskaMarcel Pięczek
39%
Lewy Obrońca5RumuniaMarius Briceag
39%
Lewy Napastnik71PolskaMariusz Fornalczyk
39%
Ofensywny Pomocnik8SłowacjaDalibor Takač
33%
Środkowy Napastnik9BiałoruśEvgeniy Shikavka
33%
Lewy Napastnik19PolskaJakub Konstantyn
22%
Lewy Napastnik98PolskaMateusz Czyżycki
22%
Ofensywny Pomocnik13PolskaMiłosz Strzeboński
22%
Środkowy Napastnik25PolskaDaniel Bąk
11%
Prawy Obrońca14PolskaRadosław Turek
11%
Defensywny Pomocnik77PolskaAdam Chojecki
6%
Środkowy Napastnik76PolskaHubert Szulc
6%
Prawy Napastnik??PolskaKacper Kucharczyk
6%
Defensywny Pomocnik27PolskaSzymon Gałązka
6%
Bramkarz22PolskaMichał Niedbała
0%

Rozkład punktacji

Percentyl według liczby udzielonych odpowiedzi

Procent ludzi z każdym wynikiem

Twoja historia wyników

Nie rozwiązałeś tego quizu